Datum a čas kvízu
29.5
Celkem bodů
Celkový počet nahraných bodů na tomto kvízu bez doplňovacích otázek.
6.
Pořadí na kvízu
Konečné umístění týmu na tomto kvízu.
Zaznamenané odpovědi
| # | Otázka | Odpověď | Body | Výsledky |
|---|---|---|---|---|
| 1. | Jak jste pravděpodobně zazname... | Mortimer | 0 | |
| 2. | V sousedním Rakousku před něko... | Sebastian Kurz | 1 | |
| 3. | Známá australská skupina vydal... | Nick Cave | 0 | |
| 4. | Tento muž dělal 10 let šéfdesi... | Jozef Kabaň | 1 | |
| 5. | V pražské O2 areně v pátek zač... | Philadelphia Flyers, Chicago Blackhawks | 1 | |
| 6. | Napíšete-li název afghánské le... | Bagrám | 0 | |
| 7. | Jak se jmenuje současný náčeln... | Aleš Opata | 1 | |
| 8. | Jak se nazývá město, u něhož s... | Čáslav | 1 | |
| 9. | Jednou z prvních zahraničních... | Bosna a Hercegovina | 0 | |
| 10. | Napište název tohoto víceúčelo... | Pandur | 1 |